000
00290nam a22001337a 4500
008
190129b xxu||||| |||| 00| 0 eng d
020
_a
9780395906651
041
_a
eng
080
_a
591
100
_a
7
101
_a
ZOO
245
_a
Butterflies and Moths
_c
Opler, P.A
942
_2
udc
_c
BK
999
_c
53890
_d
53890